000 00621nam a2200265Ia 4500
005 20260121171623.0
008 008 260114s9999 xx 000 0 eng d
020 _a9783030360238
037 _aEBOOK
040 _aCRL
040 _beng
040 _cCRL
041 _2eng
041 _aeng
084 _qCRL
100 _aMichael S. Merry
_91078442
245 0 _aEducational Justice
260 _bSpringer
260 _bSpringer
260 _c2020
856 _uhttps://link.springer.com/openurl?genre=book&isbn=978-3-030-36023-8
942 _cEBOOK
999 _c1644173
_d1644173